| 000 | 01089nam0a2200289 4500 | ||
|---|---|---|---|
| 001 | RU\NLR\bibl\1184058 | ||
| 005 | 20250615093057.0 | ||
| 010 |
_a978-5-94652-201-4 _9500 |
||
| 021 |
_aRU _b2007-87481 _94730 |
||
| 035 | _a(NLR Aleph) 001170643 | ||
| 090 |
_a1595148 _c1595148 |
||
| 100 | _a20080205d2007 |||y0rusy50 ca | ||
| 101 | 0 | _arus | |
| 102 | _aRU | ||
| 105 | _ay ||||||||| | ||
| 200 | 1 |
_aФилософско-антропологические конфигурации сказочной "премудрости" _fМулляр Лилия Анатольевна |
|
| 210 |
_aСанкт-Петербург _cИнфо-да _d2007 |
||
| 215 |
_a143 с. _d20 |
||
| 320 | _aБиблиогр.: с. 131-143 (204 назв.) и в подстроч. прим. | ||
| 606 | 1 |
_aСказка _xФилософские вопросы _92271269 _3RU\NLR\auth\661361304 |
|
| 686 | _aЮ212.2 | ||
| 700 | 1 |
_aМулляр _bЛ. А. _gЛилия Анатольевна _4070 |
|
| 801 | 0 |
_aRU _bNLR _c20080205 _gRCR |
|
| 801 | 1 |
_aRU _bNLR _c20080205 |
|
| 942 | _cBOOK | ||
| 980 | _aNB | ||